<?xml version="1.0" encoding="UTF-8"?><?xml-stylesheet type="text/xsl" href="static/style.xsl"?><OAI-PMH xmlns="http://www.openarchives.org/OAI/2.0/" xmlns:xsi="http://www.w3.org/2001/XMLSchema-instance" xsi:schemaLocation="http://www.openarchives.org/OAI/2.0/ http://www.openarchives.org/OAI/2.0/OAI-PMH.xsd"><responseDate>2026-04-17T04:07:30Z</responseDate><request verb="GetRecord" identifier="oai:www.recercat.cat:2445/118910" metadataPrefix="marc">https://recercat.cat/oai/request</request><GetRecord><record><header><identifier>oai:recercat.cat:2445/118910</identifier><datestamp>2025-12-05T12:48:19Z</datestamp><setSpec>com_2072_1057</setSpec><setSpec>col_2072_478917</setSpec><setSpec>col_2072_478918</setSpec></header><metadata><record xmlns="http://www.loc.gov/MARC21/slim" xmlns:dcterms="http://purl.org/dc/terms/" xmlns:xsi="http://www.w3.org/2001/XMLSchema-instance" xmlns:doc="http://www.lyncode.com/xoai" xsi:schemaLocation="http://www.loc.gov/MARC21/slim http://www.loc.gov/standards/marcxml/schema/MARC21slim.xsd">
   <leader>00925njm 22002777a 4500</leader>
   <datafield ind2=" " ind1=" " tag="042">
      <subfield code="a">dc</subfield>
   </datafield>
   <datafield ind2=" " ind1=" " tag="720">
      <subfield code="a">Comellas, Pere, 1965-</subfield>
      <subfield code="e">author</subfield>
   </datafield>
   <datafield ind2=" " ind1=" " tag="260">
      <subfield code="c">2018-01-08T16:13:48Z</subfield>
   </datafield>
   <datafield ind2=" " ind1=" " tag="260">
      <subfield code="c">2018-01-08T16:13:48Z</subfield>
   </datafield>
   <datafield ind2=" " ind1=" " tag="260">
      <subfield code="c">2017</subfield>
   </datafield>
   <datafield ind2=" " ind1=" " tag="260">
      <subfield code="c">2018-01-08T16:13:48Z</subfield>
   </datafield>
   <datafield ind2=" " ind1=" " tag="520">
      <subfield code="a">La comunitat acadèmica construeix coneixement a partir dels seus predecessors, de manera que cada recerca, cada publicació, és un capítol, gran o petit, d'una empresa que no té fi. En aquest cas, aquesta característica és més que evident, i a més queda explicitada: aquests estudis de vitalitat de quatre llengües en una regió cultural de Mèxic coneguda com El Gran Nayar (que inclou part dels actuals estats de Nayarit, Jalisco, Durango i Zacatecas) incorporen el marc teòric proposat per Roland Terborg i Laura García Landa (2011), de la Universitat Nacional Autònoma de Mèxic, i apliquen una metodologia paral·lela a la que aquests autors fan servir en els seus estudis, amb instruments de treball de camp prou semblants per fer possibles les comparacions. Es tracta, doncs, de contribuir a cartografiar la situació sociolingüística de certes comunitats mexicanes històricament parlants de llengües autòctones i d'impulsar programes de manteniment i de revitalització.</subfield>
   </datafield>
   <datafield tag="653" ind2=" " ind1=" ">
      <subfield code="a">Ressenyes (Documents)</subfield>
   </datafield>
   <datafield tag="653" ind2=" " ind1=" ">
      <subfield code="a">Pèrdua de les llengües</subfield>
   </datafield>
   <datafield tag="653" ind2=" " ind1=" ">
      <subfield code="a">Mèxic</subfield>
   </datafield>
   <datafield tag="653" ind2=" " ind1=" ">
      <subfield code="a">Reviews (Documents)</subfield>
   </datafield>
   <datafield tag="653" ind2=" " ind1=" ">
      <subfield code="a">Language attrition</subfield>
   </datafield>
   <datafield tag="653" ind2=" " ind1=" ">
      <subfield code="a">Mexico</subfield>
   </datafield>
   <datafield ind2="0" ind1="0" tag="245">
      <subfield code="a">Ressenya d'Estudios de vitalidad lingüística en El Gran Nayar, de Saúl Santos García (ed.)</subfield>
   </datafield>
</record></metadata></record></GetRecord></OAI-PMH>